Kogi journal of politics (Record no. 38473)
[ view plain ]
| 000 -LEADER | |
|---|---|
| fixed length control field | 00489nam a2200169Ia 4500 |
| 022 ## - INTERNATIONAL STANDARD SERIAL NUMBER | |
| ISSN | 21417326 |
| 050 ## - CALL MARK | |
| Classification number | DT 515 .K64/ |
| 245 #0 - TITLE STATEMENT | |
| Title | Kogi journal of politics |
| 260 ## - PUBLICATION, DISTRIBUTION, ETC. (IMPRINT) | |
| Place of publication | Enugu, Nigeria |
| 260 ## - PUBLICATION, DISTRIBUTION, ETC. (IMPRINT) | |
| Name of publisher | Banter multimedia |
| 260 ## - PUBLICATION, DISTRIBUTION, ETC. (IMPRINT) | |
| Year of publication | 2019 |
| 300 ## - PHYSICAL DESCRIPTION | |
| Number of Pages | v, 289 p. :ill. ; 28 cm. |
| 650 ## - SUBJECT ADDED ENTRY--TOPICAL TERM | |
| Topical Term | Nigeria--Politics and government--Periodicals. Africa--Politics and government--Periodicals. |
| 942 ## - ADDED ENTRY ELEMENTS (KOHA) | |
| Koha item type | Serials |
No items available.